The expert witness (Record no. 101525)

MARC details
000 -LEADER
fixed length control field 01368cam a2200241 4500
001 - CONTROL NUMBER
control field ##L113516
008 - FIXED-LENGTH DATA ELEMENTS--GENERAL INFORMATION
fixed length control field 000000n2001 000 0 eng u
020 ## - INTERNATIONAL STANDARD BOOK NUMBER
International Standard Book Number 1902681266
035 ## - SYSTEM CONTROL NUMBER
System control number (Sirsi) u113516
041 0# - LANGUAGE CODE
Language code of text/sound track or separate title eng
050 04 - LIBRARY OF CONGRESS CALL NUMBER
Classification number 347.41067 $2 18
100 1# - MAIN ENTRY--PERSONAL NAME
Personal name Hall, Jean Graham
245 04 - TITLE STATEMENT
Title The expert witness
250 ## - EDITION STATEMENT
Edition statement 3rd ed.
260 ## - PUBLICATION, DISTRIBUTION, ETC.
Place of publication, distribution, etc. Chichester
Name of publisher, distributor, etc. Barry Rose
Date of publication, distribution, etc. 2001
300 ## - PHYSICAL DESCRIPTION
Extent xvii, 153p.
Dimensions 21cm.
350 ## - PRICE (NR) (BK AM CF MU VM SE) [OBSOLETE]
Price 19.50
505 2# - FORMATTED CONTENTS NOTE
Formatted contents note Emergence of the expert witness -- access to justice report -- appointment of experts -- the written report of the expert witness -- outline of civil proceedings -- outlines of court hearings -- rules of evidence -- hearsay evidence -- the expert witness in the witness box -- the expert witness as advocate -- expert witnesses in arbitration cases -- liability of the expert witness -- terms of appointment -- the integrity of the expert witness -- checklist for the nervous novice -- model form of expert's report -- the Academy of Experts' form of expert's declaration -- arbitration and independent expert determination contrasted
520 ## - SUMMARY, ETC.
Summary, etc. Provides a straightforward guide for experts new to participating in legal procededings.
690 ## - LOCAL SUBJECT ADDED ENTRY--TOPICAL TERM (OCLC, RLIN)
Topical term or geographic name as entry element MANAGEMENT-DISPUTE AVOIDANCE, MANAGEMENT AND RESOLUTION-DISPUTE MANAGEMENT AND RESOLUTION-EXPERT WITNESSES
700 1# - ADDED ENTRY--PERSONAL NAME
Personal name Smith, Gordon D.
942 ## - ADDED ENTRY ELEMENTS (KOHA)
Suppress in OPAC 0
Holdings
Withdrawn status Lost status Source of classification or shelving scheme Damaged status Not for loan Home library Current library Shelving location Date acquired Cost, normal purchase price Total Checkouts Full call number Barcode Date last seen Date last checked out Copy number Cost, replacement price Price effective from Koha item type
    Dewey Decimal Classification     London London Books 24/07/2001 19.50 29 347.41067 HAL 30064657 06/08/2019 05/04/2008 1 19.50 06/08/2019 Book